[Event "Helsingor Northcoast Cup"]
[Site "Helsingor"]
[Date "2020.10.06"]
[Round "1"]
[White "Bjorneboe, Kristian"]
[Black "Larsen, Ole Bogh"]
[Result "1/2-1/2"]
[WhiteElo "1936"]
[BlackElo "2253"]
[PlyCount "75"]
[EventDate "2020.10.06"]
[EventType "swiss"]
[EventRounds "6"]
[EventCountry "DEN"]
[SourceTitle "EXT 2024"]
[Source "ChessBase"]
[SourceDate "2023.10.10"]
[SourceVersion "1"]
[SourceVersionDate "2023.10.10"]
[SourceQuality "1"]

1. d4 Nf6 2. Nf3 g6 3. e3 Bg7 4. Bd3 d5 5. 0-0 Nbd7 6. b4 0-0 7. Bb2 a5 8. b5 a4 9. Na3 c5 10. c4 cxd4 11. Bxd4 e5 12. Nxe5 Nxe5 13. Bxe5 Qe7 14. Bb2 Ng4 15. Qc1 Qc7 16. g3 Bxb2 17. Qxb2 Ne5 18. Be2 Nxc4 19. Nxc4 dxc4 20. Rac1 Be6 21. Qb4 Rfc8 22. Rc3 Qc5 23. Rb1 Qf5 24. Rbc1 Bd5 25. Qd6 b6 26. g4 Qe6 27. Qxe6 Bxe6 28. Bxc4 Bxc4 29. Rxc4 Rxc4 30. Rxc4 Ra5 31. Rb4 Kf8 32. Kf1 Ke7 33. Rd4 Rxb5 34. Rxa4 Ke6 35. Kg2 h5 36. gxh5 Rxh5 37. Rb4 b5 38. a4 1/2-1/2

[Event "Helsingor Xtracon op"]
[Site "Helsingor"]
[Date "2017.07.30"]
[Round "10"]
[White "Bjorneboe, Kristian"]
[Black "Pantzar, Milton"]
[Result "0-1"]
[WhiteElo "2023"]
[BlackElo "2313"]
[PlyCount "70"]
[EventDate "2017.07.22"]
[EventType "swiss"]
[EventRounds "10"]
[EventCountry "DEN"]
[SourceTitle "CBM 179 Extra"]
[Source "ChessBase"]
[SourceDate "2017.08.23"]
[SourceVersion "1"]
[SourceVersionDate "2017.08.23"]
[SourceQuality "1"]

1. Nf3 d5 2. c4 d4 3. d3 Nc6 4. g3 e5 5. Bg2 h6 6. 0-0 Nf6 7. b3 Be7 8. Ba3 0-0 9. Bxe7 Qxe7 10. Nbd2 Re8 11. Ne1 Nd8 12. Nc2 Bf5 13. b4 c6 14. a4 a5 15. b5 c5 16. Nb3 Qc7 17. Qd2 e4 18. Rad1 b6 19. Nc1 Ne6 20. Ne1 Rad8 21. Qb2 Ng5 22. f4 Nh3+ 23. Kh1 e3 24. Bc6 Ng4 25. Bxe8 Ngf2+ 26. Kg2 Rxe8 27. Nf3 Re6 28. Nb3 Nxf4+ 29. Kg1 Rg6 30. Rc1 Nxe2+ 31. Kg2 Qxg3+ 32. hxg3 Rxg3+ 33. Kh2 Rh3+ 34. Kg2 Nf4+ 35. Kg1 Rh1# 0-1

[Event "Helsingor Xtracon op"]
[Site "Helsingor"]
[Date "2017.07.27"]
[Round "7"]
[White "Guindy, Esmat Susanne"]
[Black "Bjorneboe, Kristian"]
[Result "1-0"]
[WhiteElo "2158"]
[BlackElo "2023"]
[PlyCount "72"]
[EventDate "2017.07.22"]
[EventType "swiss"]
[EventRounds "10"]
[EventCountry "DEN"]
[SourceTitle "CBM 179 Extra"]
[Source "ChessBase"]
[SourceDate "2017.08.23"]
[SourceVersion "1"]
[SourceVersionDate "2017.08.23"]
[SourceQuality "1"]

1. d4 Nf6 2. Nf3 d5 3. c4 e6 4. Nc3 Be7 5. Bg5 0-0 6. Qc2 h6 7. Bh4 Ne4 8. Bxe7 Qxe7 9. e3 Nxc3 10. bxc3 Nd7 11. cxd5 exd5 12. Bd3 Nb6 13. 0-0 Be6 14. Ne5 c5 15. f4 cxd4 16. cxd4 Rfc8 17. Qf2 f6 18. Nf3 Rc3 19. Qd2 Qa3 20. Ne1 Rac8 21. f5 Bf7 22. g4 Nc4 23. Bxc4 R8xc4 24. Rf3 Be8 25. Rb1 b6 26. Rb2 Ba4 27. Rg3 Bc2 28. Rxc2 Rxc2 29. Nxc2 Qxa2 30. Rg2 Qb1+ 31. Ne1 Rc1 32. Kf2 Rd1 33. Qe2 a5 34. Nf3 a4 35. Kg3 b5 36. Qf2 Qe4 1-0

[Event "Helsingor Xtracon op"]
[Site "Helsingor"]
[Date "2017.07.23"]
[Round "2"]
[White "Bjorneboe, Kristian"]
[Black "Gajic, Mladen"]
[Result "1-0"]
[WhiteElo "2023"]
[BlackElo "2300"]
[PlyCount "93"]
[EventDate "2017.07.22"]
[EventType "swiss"]
[EventRounds "10"]
[EventCountry "DEN"]
[SourceTitle "CBM 179 Extra"]
[Source "ChessBase"]
[SourceDate "2017.08.23"]
[SourceVersion "1"]
[SourceVersionDate "2017.08.23"]
[SourceQuality "1"]

1. d4 c5 2. c3 Nf6 3. Nf3 e6 4. Nbd2 d5 5. e3 Nc6 6. Bd3 Bd6 7. 0-0 0-0 8. Qe2 e5 9. dxc5 Bxc5 10. e4 Re8 11. exd5 Nxd5 12. Ne4 Be7 13. Rd1 Qc7 14. Neg5 Nf6 15. Bc4 e4 16. Bxf7+ Kh8 17. Bxe8 exf3 18. Qc4 h6 19. Nf7+ Kh7 20. Bxc6 bxc6 21. Bf4 Qb6 22. Ne5 Bc5 23. Qd3+ Kh8 24. Qd8+ Kh7 25. Qxb6 Bxb6 26. Nxf3 Bg4 27. Re1 Bxf3 28. gxf3 Nd5 29. Be5 Rf8 30. Bd4 Rf6 31. c4 Nb4 32. Bxb6 axb6 33. Re4 c5 34. Rd1 Nxa2 35. Rd7 h5 36. Re5 Kh6 37. h4 Nb4 38. Rg5 g6 39. Re5 Rf4 40. Re4 Rf8 41. Ree7 Rh8 42. Rd6 Nc2 43. Ree6 Nd4 44. Re5 Rf8 45. Rg5 Nf5 46. Rgxg6+ Kh7 47. Rgf6 1-0

[Event "Helsingor Xtracon op"]
[Site "Helsingor"]
[Date "2017.07.23"]
[Round "3"]
[White "Haldorsen, Benjamin"]
[Black "Bjorneboe, Kristian"]
[Result "1-0"]
[WhiteElo "2370"]
[BlackElo "2023"]
[PlyCount "80"]
[EventDate "2017.07.22"]
[EventType "swiss"]
[EventRounds "10"]
[EventCountry "DEN"]
[SourceTitle "CBM 179 Extra"]
[Source "ChessBase"]
[SourceDate "2017.08.23"]
[SourceVersion "1"]
[SourceVersionDate "2017.08.23"]
[SourceQuality "1"]

1. e4 c6 2. d4 d5 3. Nd2 dxe4 4. Nxe4 Nf6 5. Nxf6+ exf6 6. c3 Bd6 7. Bd3 0-0 8. Qc2 h6 9. Ne2 Re8 10. Be3 Qc7 11. 0-0-0 b5 12. Kb1 Be6 13. Ng3 Nd7 14. Nf5 Bf8 15. h4 Nb6 16. g4 Nd5 17. Bd2 Nf4 18. Be4 Bd5 19. Bxd5 cxd5 20. g5 h5 21. gxf6 g6 22. Rhg1 Re6 23. Ng7 Bxg7 24. fxg7 b4 25. Rg5 bxc3 26. Qxc3 Qd6 27. Qc5 Nd3 28. Qxd6 Rxd6 29. Be3 Nb4 30. Rc1 Rad8 31. Rc7 R6d7 32. Rc3 Kxg7 33. Rg1 Rd6 34. Rgc1 R8d7 35. a3 Na6 36. Rc8 Re6 37. b4 Ree7 38. Bf4 Re4 39. Bg3 Re6 40. R1c6 Rde7 1-0

[Event "Politiken Cup 37th"]
[Site "Helsingor"]
[Date "2015.08.02"]
[Round "10"]
[White "Percivaldi, Martin"]
[Black "Bjorneboe, Kristian"]
[Result "1-0"]
[WhiteElo "2310"]
[BlackElo "2015"]
[PlyCount "113"]
[EventDate "2015.07.25"]
[EventType "swiss"]
[EventRounds "10"]
[EventCountry "DEN"]
[SourceTitle "CBM 167 Extra"]
[Source "ChessBase"]
[SourceDate "2015.09.14"]
[SourceVersion "1"]
[SourceVersionDate "2015.09.14"]
[SourceQuality "1"]

1. d4 Nf6 2. c4 e5 3. dxe5 Ng4 4. Nf3 Bc5 5. e3 Nc6 6. Nc3 Ngxe5 7. Be2 d6 8. a3 a5 9. b3 0-0 10. Bb2 Nxf3+ 11. Bxf3 Ne5 12. Be2 Qg5 13. 0-0 Bh3 14. Bf3 Bg4 15. Bxg4 Nxg4 16. h3 Nxf2 17. Rxf2 Qxe3 18. Qe2 Rae8 19. Qxe3 Bxe3 20. Nb5 Re7 21. Bd4 Bxf2+ 22. Kxf2 Rfe8 23. Ra2 f6 24. Rc2 Rd7 25. Bc3 b6 26. Rd2 Re4 27. c5 a4 28. cxb6 cxb6 29. bxa4 Rxa4 30. Bb4 d5 31. Rc2 Ra8 32. Nd6 Rad8 33. Rc6 Rb8 34. Ke3 Re7+ 35. Kd3 Re5 36. Nc8 Rg5 37. g4 h5 38. Bd2 Ra8 39. Bxg5 Rxa3+ 40. Rc3 Rxc3+ 41. Kxc3 hxg4 42. hxg4 Kf7 43. Bf4 Ke6 44. Nd6 g6 45. Bg3 Kd7 46. Kb4 Ke6 47. Nb5 Kd7 48. Nd4 Kc8 49. Kb5 Kb7 50. Bh2 Ka7 51. Nc6+ Kb7 52. Bg3 Ka8 53. Kxb6 f5 54. g5 f4 55. Bxf4 d4 56. Ne7 d3 57. Nxg6 1-0

[Event "Politiken Cup 37th"]
[Site "Helsingor"]
[Date "2015.07.30"]
[Round "7"]
[White "Bjorneboe, Kristian"]
[Black "Kvamme, John Agnar"]
[Result "0-1"]
[WhiteElo "2015"]
[BlackElo "2158"]
[PlyCount "90"]
[EventDate "2015.07.25"]
[EventType "swiss"]
[EventRounds "10"]
[EventCountry "DEN"]
[SourceTitle "CBM 167 Extra"]
[Source "ChessBase"]
[SourceDate "2015.09.14"]
[SourceVersion "1"]
[SourceVersionDate "2015.09.14"]
[SourceQuality "1"]

1. d4 Nf6 2. Nf3 g6 3. Nc3 d5 4. Bf4 Bg7 5. e3 0-0 6. Be2 c5 7. h3 Nc6 8. 0-0 Ne4 9. Na4 Qa5 10. c3 cxd4 11. exd4 Bd7 12. b4 Nxb4 13. cxb4 Qxa4 14. Qxa4 Bxa4 15. Rac1 Rfc8 16. Bd3 Nc3 17. Rfe1 e6 18. a3 a6 19. Ne5 Bb5 20. Be3 Bxd3 21. Nxd3 Nb5 22. Nc5 Bxd4 23. Nxb7 Bxe3 24. Rxc8+ Rxc8 25. Rxe3 Rc1+ 26. Kh2 Ra1 27. Nc5 Rxa3 28. Rxa3 Nxa3 29. Nxa6 Nb5 30. Kg3 f6 31. Kf3 Kf7 32. Ke3 e5 33. Nc5 Ke7 34. f4 e4 35. g4 f5 36. Nb3 Kd6 37. g5 Kc7 38. h4 Kd6 39. Nd2 d4+ 40. Ke2 Kd5 41. Nf1 Kc4 42. Ng3 d3+ 43. Ke3 Kc3 44. Nxf5 gxf5 45. h5 d2 0-1

[Event "Politiken Cup 37th"]
[Site "Helsingor"]
[Date "2015.07.29"]
[Round "6"]
[White "Nielsen, Jens Holm"]
[Black "Bjorneboe, Kristian"]
[Result "0-1"]
[WhiteElo "1836"]
[BlackElo "2015"]
[PlyCount "72"]
[EventDate "2015.07.25"]
[EventType "swiss"]
[EventRounds "10"]
[EventCountry "DEN"]
[SourceTitle "CBM 167 Extra"]
[Source "ChessBase"]
[SourceDate "2015.09.14"]
[SourceVersion "1"]
[SourceVersionDate "2015.09.14"]
[SourceQuality "1"]

1. Nc3 d5 2. e4 d4 3. Nce2 e5 4. Ng3 Nc6 5. Bc4 Nf6 6. Nf3 Be7 7. 0-0 0-0 8. d3 Ne8 9. Bd2 Nd6 10. Bb3 Bg4 11. h3 Bd7 12. Nh5 Kh8 13. g4 Qc8 14. Ng3 Be6 15. Kg2 Bxb3 16. axb3 g6 17. Qe2 Bf6 18. Bh6 Bg7 19. Bxg7+ Kxg7 20. Nh2 Nd8 21. f4 exf4 22. Rxf4 Ne6 23. Rf2 c5 24. Raf1 Qc6 25. Nf3 Nf4+ 26. Kh2 Nxe2 27. Nxe2 f6 28. Nf4 Rae8 29. Nd5 f5 30. Ng5 h6 31. gxf5 gxf5 32. Rg2 Kh8 33. Rfg1 fxe4 34. dxe4 Nxe4 35. Nxe4 Rxe4 36. Rg6 Re2+ 0-1

[Event "Politiken Cup 37th"]
[Site "Helsingor"]
[Date "2015.07.26"]
[Round "2"]
[White "Roe, Simon J"]
[Black "Bjorneboe, Kristian"]
[Result "0-1"]
[WhiteElo "2240"]
[BlackElo "2015"]
[PlyCount "72"]
[EventDate "2015.07.25"]
[EventType "swiss"]
[EventRounds "10"]
[EventCountry "DEN"]
[SourceTitle "CBM 167 Extra"]
[Source "ChessBase"]
[SourceDate "2015.09.14"]
[SourceVersion "1"]
[SourceVersionDate "2015.09.14"]
[SourceQuality "1"]

1. e4 c6 2. c4 d5 3. exd5 cxd5 4. cxd5 Nf6 5. Nc3 Nxd5 6. Nf3 Nc6 7. Bb5 Nxc3 8. bxc3 Bd7 9. 0-0 e6 10. d4 Be7 11. Re1 0-0 12. Bd3 Rc8 13. Rb1 Qc7 14. Bd2 Rfe8 15. Qe2 g6 16. Qe4 f5 17. Qe3 Bf6 18. Qh6 Bg7 19. Qh4 Nd8 20. Ne5 Bc6 21. Nxc6 Nxc6 22. Rbc1 Kh8 23. Bc4 e5 24. d5 Ne7 25. Bb3 f4 26. c4 Nf5 27. Qh3 b6 28. Ba4 Red8 29. Qa3 Bf8 30. Qb2 Bg7 31. Bc3 Qxc4 32. Bb3 Qc7 33. Bxe5 Bxe5 34. Rxc7 Bxb2 35. d6 Nxd6 36. Rxa7 Nf5 0-1

[Event "Politiken Cup 34th"]
[Site "Helsingor"]
[Date "2012.07.30"]
[Round "4"]
[White "Wimo, Jorgen"]
[Black "Bjorneboe, Kristian"]
[Result "0-1"]
[WhiteElo "1776"]
[BlackElo "1959"]
[PlyCount "96"]
[EventDate "2012.07.28"]
[EventType "swiss"]
[EventRounds "10"]
[EventCountry "DEN"]
[SourceTitle "CBM 149 Extra"]
[Source "ChessBase"]
[SourceDate "2012.08.24"]
[SourceVersion "1"]
[SourceVersionDate "2012.08.24"]
[SourceQuality "1"]

1. Nf3 Nf6 2. g3 d6 3. Bg2 g6 4. d3 Bg7 5. 0-0 0-0 6. c4 e5 7. e4 Nc6 8. Nc3 Ne7 9. Bd2 c6 10. Rb1 Ne8 11. Nh4 f5 12. f4 Nf6 13. Nf3 Qc7 14. Qe2 fxe4 15. dxe4 exf4 16. Bxf4 Ng4 17. c5 Ne5 18. Nxe5 dxe5 19. Bg5 Be6 20. Be3 b5 21. cxb6 axb6 22. Rxf8+ Rxf8 23. Rf1 Ra8 24. a3 b5 25. Bc5 Bc4 26. Qg4 Bxf1 27. Qe6+ Kh8 28. Bxf1 Ng8 29. Bd6 Qc8 30. Qf7 Nh6 31. Qf2 Qe6 32. Bc5 Qf6 33. Qc2 Nf7 34. Bh3 Ng5 35. Bg2 Ne6 36. Be3 Nd4 37. Qd3 Rd8 38. Qf1 Qxf1+ 39. Bxf1 Rb8 40. Bd3 Bf6 41. Kg2 Kg7 42. h4 b4 43. axb4 Rxb4 44. Nd1 Rb8 45. Bc4 Bd8 46. Nc3 Rxb2+ 47. Kh3 Rc2 48. Bxd4 exd4 0-1

[Event "Politiken Cup 34th"]
[Site "Helsingor"]
[Date "2012.07.28"]
[Round "1"]
[White "Dreev, Alexey"]
[Black "Bjorneboe, Kristian"]
[Result "1-0"]
[WhiteElo "2677"]
[BlackElo "1959"]
[PlyCount "75"]
[EventDate "2012.07.28"]
[EventType "swiss"]
[EventRounds "10"]
[EventCountry "DEN"]
[SourceTitle "CBM 149 Extra"]
[Source "ChessBase"]
[SourceDate "2012.08.24"]
[SourceVersion "1"]
[SourceVersionDate "2012.08.24"]
[SourceQuality "1"]

1. d4 Nf6 2. c4 e6 3. Nc3 d5 4. cxd5 exd5 5. Bg5 Be7 6. e3 c6 7. Qc2 Nbd7 8. Bd3 0-0 9. Nf3 Re8 10. h3 Nf8 11. Bf4 Ng6 12. Bh2 Bd6 13. Bxd6 Qxd6 14. 0-0-0 b5 15. Kb1 a5 16. Rc1 Ba6 17. Rhd1 Rec8 18. e4 b4 19. e5 Bxd3 20. Rxd3 Qd8 21. exf6 bxc3 22. Rxc3 gxf6 23. Rxc6 Rxc6 24. Qxc6 Nf4 25. Nh4 Ne2 26. Rc5 Nxd4 27. Qxd5 a4 28. Qxd8+ Rxd8 29. Rc4 a3 30. bxa3 Nb5 31. Kb2 Rd2+ 32. Rc2 Rd3 33. Nf5 h5 34. a4 Na7 35. Rc7 Rd2+ 36. Kb3 Rxf2 37. Nh4 Rf4 38. Nf3 1-0

[Event "Politiken Cup 33rd"]
[Site "Helsingor"]
[Date "2011.08.01"]
[Round "4"]
[White "Bjorneboe, Kristian"]
[Black "Schroeder, Jan Christian"]
[Result "0-1"]
[WhiteElo "1941"]
[BlackElo "2164"]
[PlyCount "70"]
[EventDate "2011.07.30"]
[EventType "swiss"]
[EventRounds "10"]
[EventCountry "DEN"]
[SourceTitle "CBM 143 Extra"]
[Source "ChessBase"]
[SourceDate "2011.08.29"]
[SourceVersion "1"]
[SourceVersionDate "2011.08.29"]
[SourceQuality "1"]

1. d4 d5 2. Nf3 Nf6 3. e3 c5 4. c3 cxd4 5. cxd4 Nc6 6. Nc3 g6 7. Bd3 Bg7 8. 0-0 0-0 9. b3 a6 10. Bb2 b5 11. Rc1 Bb7 12. Bb1 Rc8 13. Ne1 Qd6 14. Nd3 Nd7 15. Nc5 Nxc5 16. dxc5 Qd8 17. Qd2 d4 18. Nd1 e5 19. exd4 Nxd4 20. Bxd4 exd4 21. b4 Re8 22. f3 Qd7 23. Nf2 f5 24. Rfe1 Bc6 25. a3 Bf6 26. Nd3 Re3 27. f4 Rce8 28. Ba2+ Kg7 29. Rcd1 Qe7 30. Rxe3 dxe3 31. Qe2 Qe4 32. Bb1 Rd8 33. Re1 Bh4 34. Ne5 Bf2+ 35. Kf1 Qxg2# 0-1

[Event "Politiken Cup 32nd"]
[Site "Copenhagen"]
[Date "2010.08.07"]
[Round "9"]
[White "Pedersen, Nicolai Kvist Brond"]
[Black "Bjorneboe, Kristian"]
[Result "1-0"]
[WhiteElo "2152"]
[BlackElo "1979"]
[PlyCount "67"]
[EventDate "2010.07.31"]
[EventType "swiss"]
[EventRounds "10"]
[EventCountry "DEN"]
[SourceTitle "CBM 137 Extra"]
[Source "ChessBase"]
[SourceDate "2010.09.01"]
[SourceVersion "1"]
[SourceVersionDate "2010.09.01"]
[SourceQuality "1"]

1. d4 Nf6 2. Nf3 e6 3. c4 d5 4. g3 Nbd7 5. Bg2 c6 6. Qc2 Be7 7. 0-0 0-0 8. b3 b6 9. Nbd2 Bb7 10. e4 dxe4 11. Nxe4 c5 12. Nxf6+ Nxf6 13. Rd1 cxd4 14. Rxd4 Qc8 15. Bb2 Qc7 16. Rad1 Rad8 17. a3 Rxd4 18. Rxd4 Rd8 19. b4 Rc8 20. Rh4 h6 21. Be5 Qd8 22. Rd4 Qe8 23. Qd3 Rd8 24. Rxd8 Qxd8 25. Qxd8+ Bxd8 26. Nd4 Bxg2 27. Kxg2 Nd7 28. Bd6 Bf6 29. Nc6 a6 30. c5 bxc5 31. bxc5 Bb2 32. Ne7+ Kf8 33. c6 Nb6 34. Nc8+ 1-0

[Event "Politiken Cup 32nd"]
[Site "Copenhagen"]
[Date "2010.08.06"]
[Round "8"]
[White "Bjorneboe, Kristian"]
[Black "Rasmussen, Ole H"]
[Result "1-0"]
[WhiteElo "1979"]
[BlackElo "1746"]
[PlyCount "47"]
[EventDate "2010.07.31"]
[EventType "swiss"]
[EventRounds "10"]
[EventCountry "DEN"]
[SourceTitle "CBM 137 Extra"]
[Source "ChessBase"]
[SourceDate "2010.09.01"]
[SourceVersion "1"]
[SourceVersionDate "2010.09.01"]
[SourceQuality "1"]

1. d4 Nf6 2. Nf3 e6 3. e3 d5 4. Bd3 c5 5. c3 Nc6 6. Nbd2 Qc7 7. 0-0 Bd6 8. Re1 0-0 9. dxc5 Bxc5 10. e4 Ng4 11. Rf1 Nce5 12. Nxe5 Nxe5 13. Bc2 Bd7 14. Nb3 Bd6 15. f4 Ng6 16. e5 Qb6+ 17. Kh1 Be7 18. Rf3 Nh4 19. Be3 Qc7 20. Rh3 f5 21. exf6 Bxf6 22. Rxh4 Bxh4 23. Qh5 Bf6 24. Bxh7+ 1-0

[Event "Politiken Cup 32nd"]
[Site "Copenhagen"]
[Date "2010.08.05"]
[Round "7"]
[White "Gundersen, Ingvar"]
[Black "Bjorneboe, Kristian"]
[Result "1/2-1/2"]
[WhiteElo "1779"]
[BlackElo "1979"]
[PlyCount "170"]
[EventDate "2010.07.31"]
[EventType "swiss"]
[EventRounds "10"]
[EventCountry "DEN"]
[SourceTitle "CBM 137 Extra"]
[Source "ChessBase"]
[SourceDate "2010.09.01"]
[SourceVersion "1"]
[SourceVersionDate "2010.09.01"]
[SourceQuality "1"]

1. e4 c6 2. d4 d5 3. Nc3 dxe4 4. Nxe4 Bf5 5. Bd3 Qxd4 6. Nf3 Qd5 7. Qe2 Nf6 8. Nd6+ Qxd6 9. Bxf5 g6 10. Bh3 Bg7 11. 0-0 0-0 12. Rd1 Qc7 13. Be3 Nbd7 14. Bd4 e6 15. c4 Rfe8 16. Ne5 Nxe5 17. Bxe5 Qb6 18. b4 Rad8 19. a3 c5 20. b5 Nh5 21. g4 Bxe5 22. Qxe5 Ng7 23. Bg2 Rd4 24. Rxd4 cxd4 25. a4 Rc8 26. Rd1 Qc5 27. Qxc5 Rxc5 28. Rxd4 Kf8 29. Bxb7 e5 30. Rd8+ Ke7 31. Rg8 Ne6 32. Bd5 Nf4 33. Ra8 Rc7 34. Bc6 Kd6 35. Rh8 Kc5 36. a5 Kxc4 37. b6 axb6 38. axb6 Rxc6 39. b7 Rb6 40. b8Q Rxb8 41. Rxb8 Kd5 42. Rh8 h5 43. gxh5 gxh5 44. Rf8 Ke6 45. f3 f6 46. Kf2 Kf5 47. Rg8 Ke6 48. Rg7 Kf5 49. Ra7 Kg5 50. Ra6 Kf5 51. Kg3 Kg5 52. h4+ Kf5 53. Ra8 Ne2+ 54. Kf2 Nf4 55. Rg8 Ke6 56. Ke3 Kf5 57. Rg1 Nh3 58. Rg3 Nf4 59. Rg1 Ne6 60. Kd3 Nf4+ 61. Kc4 Ng6 62. Rh1 Kf4 63. Kd5 Kxf3 64. Rf1+ Kg4 65. Rxf6 Nxh4 66. Kxe5 Nf3+ 67. Ke4 Ng5+ 68. Ke3 h4 69. Rf4+ Kg3 70. Rf6 Kg4 71. Rf1 Nh3 72. Rf8 Ng5 73. Kf2 Kh5 74. Kg2 Kg4 75. Rg8 Kh5 76. Ra8 Kg4 77. Ra4+ Kh5 78. Kf2 h3 79. Kg3 Kg6 80. Rb4 Kf5 81. Rb5+ Kf6 82. Kg4 h2 83. Rb1 Kg6 84. Rh1 Ne4 85. Kf4 Nf2 1/2-1/2

[Event "Politiken Cup 31st"]
[Site "Helsingor"]
[Date "2009.07.23"]
[Round "7"]
[White "Bjorneboe, Kristian"]
[Black "Nielsen, Lars Aaes"]
[Result "0-1"]
[WhiteElo "2041"]
[BlackElo "2233"]
[PlyCount "150"]
[EventDate "2009.07.18"]
[EventType "swiss"]
[EventRounds "10"]
[EventCountry "DEN"]
[SourceTitle "CBM 131 Extra"]
[Source "ChessBase"]
[SourceDate "2009.09.03"]
[SourceVersion "2"]
[SourceVersionDate "2009.09.16"]
[SourceQuality "1"]

1. d4 b6 2. Nf3 Ba6 3. g3 e6 4. Bg2 Nf6 5. Nbd2 d5 6. Ne5 Be7 7. 0-0 0-0 8. Re1 Nfd7 9. Nxd7 Nxd7 10. e4 c6 11. c3 Qc7 12. exd5 cxd5 13. Qa4 Bb7 14. Nf3 Bd6 15. Bd2 Rab8 16. Rac1 b5 17. Qd1 Rfc8 18. Qe2 a5 19. Bh3 Re8 20. Ng5 Nf8 21. Qh5 Qe7 22. Nf3 Qf6 23. Ne5 Bxe5 24. Rxe5 g6 25. Qg4 Nd7 26. Ree1 Bc6 27. Bg5 Qg7 28. Qh4 f5 29. Bh6 Qf7 30. Qf4 Rbc8 31. Bf1 Nf6 32. f3 Qc7 33. Qxc7 Rxc7 34. Bf4 Rb7 35. Re3 Kf7 36. Rce1 Bd7 37. Bd6 Rc8 38. a4 bxa4 39. Ba6 Rxb2 40. Bxc8 Bxc8 41. Ra1 Ne8 42. Be5 Bd7 43. Ree1 Rb3 44. Reb1 Ke7 45. Rc1 Bb5 46. Kf2 Nd6 47. Bxd6+ Kxd6 48. Ke3 Rb2 49. Rcb1 Re2+ 50. Kf4 Bc6 51. h4 h6 52. Rb8 Ke7 53. Rb6 Kf6 54. g4 g5+ 55. hxg5+ hxg5+ 56. Kg3 f4+ 57. Kh3 Be8 58. Rb8 Bg6 59. Rxa4 Rf2 60. Rxa5 Bd3 61. Ra1 Rxf3+ 62. Kh2 Rg3 63. Ra7 Rxg4 64. Rf8+ Kg6 65. Rg8+ Kf5 66. Re7 Rh4+ 67. Kg2 Be4+ 68. Kf2 Kg4 69. Rxe6 Rh2+ 70. Kg1 Rg2+ 71. Kf1 Kf3 72. Re5 g4 73. Rge8 Rb2 74. Ke1 Ke3 75. Rxe4+ dxe4 0-1